000 00461nam a2200181Ia 4500
001 17704
005 20260306171536.0
008 260306s9999||||xx |||||||||||||| ||und||
041 _aESP
082 _a658.15
_bH45
100 _aHernández Ruíz, Enrique Augusto
_eAUT
245 0 _aEvaluación de proyectos y valuación de empresas
260 _c2013
300 _a446 páginas :
_c23 cm.
650 _aGEN
654 _aCAN
942 _cLIB
_dJUS
_fJUS
_2ddc
_n
999 _c17704
_d17704